000 01615cam a2200445 4500
003 PE-LiUPU
005 20250731173137.0
020 _a0966183819
035 _a(Sirsi) i9780966183818
035 _a(Sirsi) 28072
035 _a(Sirsi) 28072
041 _aen
044 _aus
082 0 4 _a286.732
_bM52
110 _aKnott, Ronald Alan
245 _aMore college faith /
_cRonald Alan Knott.
264 1 _aBerrien Springs, Michigan :
_bWorthy Books,
_c1997
300 _a224 p ;
_c23 cm.
505 0 _aAre stories as important as our values, beliefs and even theology? a growing number of both secular and religious thought leaders now argue that our peronal stories are one of the most crucial elements determining who we are and who we become. Our stories provide a framework, a window, through which we interpret every event and aspect of our lives.
521 _aEstudiantes de teología
526 _aSEG42
526 _aSEG41
526 _aSEG40
526 _aSEG39
526 _aP94
526 _aP87
526 _aP86
526 _aP85
526 _aP77
526 _aP76
526 _aP35
650 1 4 _aEscolares
_xVida religiosa
650 1 4 _aAdventistas del séptimo día
_xBiografías
942 _2ddc
_cBOOK
949 _a286.732 M52
_i52311
_lPOSTGRADO
_mBUL
_tLIBRO
_o.STAFF. Posgrado
910 _aaj
_bdr
_cop
_d20030809
596 _a1
999 _a286.732 M52
_wDEWEY
_c34131
_i52311
_f2021-11-11
_g6
_lCCODEBUL1
_mBUL
_p6.00
_r0
_sY
_tBOOK
_u2015-6-24
_xTEOLOGIA
_PP35
_0COMPRA
_o.STAFF. Colección General
_d34131
980 _81
_gALBERTO SANCHEZ Responsable de Automatización